| 000 | 00945nam a22002897a 4500 | ||
|---|---|---|---|
| 001 | 5226 | ||
| 003 | FISKH | ||
| 005 | 20241120110932.0 | ||
| 008 | 241120b cb ||||| |||| 00| 0 eng d | ||
| 040 |
_aFISKH _beng _cFISKH _dFISKH |
||
| 050 | _aQL467.S567 | ||
| 082 | _a595.7 | ||
| 100 |
_aSimon, Seymour _d(1931-) |
||
| 245 |
_aBig bugs / _cSeymour Simon |
||
| 250 | _aFirst printing in 2006 | ||
| 260 |
_aSan Francisco : _bScholastic, _c2006. |
||
| 300 |
_a30 pages : _bColor illustrations ; _c23 cm |
||
| 505 | _aJ | ||
| 520 | _aPresents an introduction to large bugs, in simple text with photographs, and desribes the size, behavior, and habitat of goliath beetles, giant cockroaches, lantern flies, dragonflies and others. | ||
| 521 | 8 |
_a460L
_bLexile |
|
| 521 | 8 |
_aJ
_bRaz-Plus |
|
| 650 |
_2Bugs _aAnimals |
||
| 650 |
_2Insects _aScience |
||
| 700 |
_aRetherford, Gary _dIllustrator |
||
| 942 |
_2ddc _cBK _n0 |
||
| 999 |
_c5226 _d5226 |
||